000 00841nam a2200277Ia 4500
003 OSt
005 20220912153153.0
006 a|||||r|||| 00| 0
007 ta
008 220909b |||||||| |||| 00| 0 eng d
020 _a0792361148 (hbd)
024 _a7596
037 _bInsat,
037 _cReference Collections
040 _aCSL
_beng
_cCSL
041 _aeng
082 _aBk, N5.1-.6-2 RR
100 _aHazewinkel M Ed.
245 0 _aEncyclopaedia of mathematics:suppement II
260 _aDordrecht
_bKluwer Academic Publishers
_c2000
300 _ap.
_ccm.
500 _aCONTENTS:V 2 (631p); Includes bibliographical references; Index 527-631p
650 _aMathematics-Encyclopedia
942 _hBk, N5.1-.6-2 RR
_cREF
_2CC
999 _c99170
_d99170